000 00900nas a2200301 4500
001 BR2012002821
003 BR-BrBNA
005 20231205120444.0
007 ta
008 230509b bl.|||p| |||| 00| 00por d
040 _aBR-BrBNA
_bpor
_cBiblioteca Nacional de Agricultura
041 _a(Pt)
072 _aK10
100 1 _aSilva, M.A. da
100 1 _aSilva, M.L.N.
100 1 _aCuri, N.
100 1 _aAvanzi, J.C.
100 1 _aLeite, F.P.
245 1 _aSistemas de manejo em plantios florestais de eucalipto e perdas de solo e água na região do vale do Rio Doce, MG
650 _aEUCALIPTO
650 _aFLORESTA
650 _aPLANTIO
650 _aEROSÃO HÍDRICA
650 _aSEDIMENTO
773 0 _tCiência Florestal (Brazil)
_xISSN 0103-9954
_g(Oct-Dec 2011), v. 21(4) p. 765-776
_wBR2012002821
909 _a202311
_bLúcia
_c55
_dLúcia Elande
942 _2AGRIS
_n0
_cANA
999 _c218595
_d218595